| 000 | 00522cam a22001457a 4500 | ||
|---|---|---|---|
| 008 | 180718b2003 xxu||||| |||| 00| 0 eng d | ||
| 082 | _aAPPPA 2002-03 VER/38 | ||
| 100 | _aVerma, S.K. | ||
| 245 |
_aAnimal welfare movement in India: role and relevance of government intervention _cby S.K. Verma |
||
| 260 |
_aNew Delhi _bIndian Institute of Public Administration _c2003 |
||
| 300 | _a177p. | ||
| 500 | _aAn APPPA M.Phil dissertation, 2002-03 (Guide: Girish K. Misra) | ||
| 650 | _aAPPPA | ||
| 650 | _aAnimal welfare - India | ||
| 999 |
_c492708 _d492708 |
||